000 00650nam a2200241Ia 4500
003 OSt
005 20221005083741.0
006 a|||||r|||| 00| 0
007 ta
008 221004b |||||||| |||| 00| 0 eng d
020 _a8176490962
024 _a35123
037 _cTextual
040 _aCRL
_cCRL
_beng
041 _2eng
_aeng
082 _aD65,8(B):4-LAN, N9
245 0 _aHandbook of local area networks edited by John P. Slone
260 _aNew Delhi
_bViva Books Private Ltd India
_c1999
300 _a844p.
_ccm.
650 _aENGINEERING
942 _hD65,8(B):4-LAN, N9
_cTEXL
_2cc
999 _c991481
_d991481